000 00580nam a2200229Ia 4500
003 OSt
005 20221005124813.0
006 a|||||r|||| 00| 0
007 ta
008 221004b |||||||| |||| 00| 0 eng d
024 _a66215
037 _cTextual
040 _aCRL
_cCRL
_beng
041 _2eng
_aeng
082 _aV55CM:8-1:N3, J8
100 _aKlochko V. F
_9635796
245 0 _aNew documents on the history of Munich
260 _c1958
650 _aHISTORY
942 _hV55CM:8-1:N3, J8
_cTEXL
_2cc
999 _c1051641
_d1051641